|
|
|
|
| LEADER |
00000nam2a2200000 4500 |
| 001 |
677789 |
| 005 |
20250117095143.0 |
| 035 |
|
|
|a (RuTPU)RU\TPU\book\136476
|
| 090 |
|
|
|a 677789
|
| 100 |
|
|
|a 20241220d1969 k y0rusy50 ca
|
| 101 |
0 |
|
|a rus
|
| 102 |
|
|
|a RU
|
| 105 |
|
|
|a a z 001zy
|
| 181 |
|
0 |
|a i
|b e
|
| 182 |
|
0 |
|a n
|
| 183 |
|
0 |
|a nc
|2 RDAcarrier
|
| 200 |
0 |
|
|a Вып. 52 : Рудничная аэрология и безопасность условий труда в шахтах
|e [сборник статей]
|f отв. ред. Г. Д. Лидин
|
| 203 |
|
|
|a Текст
|b визуальный
|c непосредственный
|
| 210 |
|
|
|d 1969
|
| 215 |
|
|
|a 142 с.
|c ил.
|
| 283 |
|
|
|a volume
|2 RDAcarrier
|
| 320 |
|
|
|a Библиогр. в конце ст.
|
| 461 |
1 |
|
|0 677189
|9 677189
|t Научные сообщения
|o [сборник статей]
|f Академия наук СССР (АН СССР), Институт горного дела им. А. А. Скочинского (ИГД)
|g отв. ред. Г. Д. Лидин
|c Москва
|n Недра
|n Госгортехиздат
|d 1959-1988
|v Вып. 52 : Рудничная аэрология и безопасность условий труда в шахтах
|
| 606 |
1 |
|
|a Рудничная аэрология
|9 88326
|
| 606 |
1 |
|
|a Угольные шахты
|x Безопасность
|9 86787
|
| 610 |
1 |
|
|a рудничная вентиляция
|
| 610 |
1 |
|
|a нормирование
|
| 610 |
1 |
|
|a угольные шахты
|
| 610 |
1 |
|
|a переходные газовые режимы
|
| 610 |
1 |
|
|a стабилизаторы
|
| 610 |
1 |
|
|a модели вентиляторов
|
| 610 |
1 |
|
|a расчеты
|
| 610 |
1 |
|
|a выемочные работы
|
| 610 |
1 |
|
|a газовыделение
|
| 610 |
1 |
|
|a герметизация
|
| 610 |
1 |
|
|a буровые скважины
|
| 610 |
1 |
|
|a изверженные породы
|
| 610 |
1 |
|
|a свойства
|
| 610 |
1 |
|
|a химическая активность
|
| 610 |
1 |
|
|a тепловой баланс
|
| 610 |
1 |
|
|a окисленные руды
|
| 675 |
|
|
|a 622.4
|v 3
|
| 675 |
|
|
|a 622.333.012.2:658.3
|v 3
|
| 702 |
|
1 |
|a Лидин
|b Г. Д.
|4 340
|
| 801 |
|
1 |
|a RU
|b 63413507
|c 20241220
|g PSBO
|
| 801 |
|
2 |
|a RU
|b 63413507
|c 20241220
|g PSBO
|
| 942 |
|
|
|c CR
|